Latex properties of several recommended clones 1. Recommended rubber clones 1988-90 (Record no. 62060)

MARC details
000 -LEADER
fixed length control field 00486nam a2200181Ia 4500
100 ## - MAIN ENTRY--AUTHOR NAME
Personal name Darussamin A
245 #0 - TITLE STATEMENT
Title Latex properties of several recommended clones 1. Recommended rubber clones 1988-90
260 ## - PUBLICATION, DISTRIBUTION, ETC. (IMPRINT)
Name of publisher Bulletin Perkaretan
Year of publication 1991
300 ## - PHYSICAL DESCRIPTION
Number of Pages 15-25
500 ## - GENERAL NOTE
General note Source Year: 1993
650 ## - SUBJECT ADDED ENTRY--TOPICAL TERM
Topical Term Hevea brasiliensis
650 ## - SUBJECT ADDED ENTRY--TOPICAL TERM
Topical Term Latex
700 ## - ADDED ENTRY--PERSONAL NAME
Personal name Chaidamsari T
700 ## - ADDED ENTRY--PERSONAL NAME
Personal name Syamsu Y
856 ## - ELECTRONIC LOCATION AND ACCESS
Uniform Resource Identifier ATA
942 ## - ADDED ENTRY ELEMENTS (KOHA)
Koha item type Journals
Holdings
Withdrawn status Lost status Damaged status Not for loan Home library Current library Shelving location Date acquired Serial Enumeration / chronology Koha item type
      Journals RRII Library RRII Library Physiology 17/12/2021 Volume 9, Issue 1 Journals